000 01047nam a2200289 i 4500
001 000032374
003 DO-SdBNP
005 20250807145722.0
007 ta
008 110714s1943 000 spa d
040 _aDO-SdBNP
_bspa
_cBNPHU
_erda
041 _aspa
082 4 _aRD860.9
_bM516h 1943
_222
100 1 _aMejía, Abigail,
_d1895 -1941
_eautor
_4aut.
_927237
245 1 0 _aHistoria de la literatura dominicana /
_cAbigail Mejía.
250 _aQuinta edición
264 1 _aSantiago, República Dominicana :
_bEditorial El Diario,
_c1943.
300 _a162 páginas ;
_c20 cm.
336 _atexto
_btxt
_2rdacontent
337 _asin mediación
_bnc
_2rdamedia
338 _avolumen
_bn
_2rdacarrier
500 _aDel resumen, corregido y aumentado, incluido en la historia de la literatura castellana, declarada de texto por el Consejo Nacional de Educación
590 _aInventariado, 2025/BT
650 4 _aLiteratura dominicana
_xHistoria y crítica
_9159
910 _aValidado. Control de calidad MFF
942 _2ddc
_cLBS1
999 _c31865
_d31865